[Event "Plzen A1 12th"]
[Site "Plzen"]
[Date "2024.02.18"]
[Round "2"]
[White "Gorkiewicz, Mateusz"]
[Black "Michalek, Jan"]
[Result "1/2-1/2"]
[WhiteElo "2184"]
[BlackElo "2247"]
[PlyCount "85"]
[EventDate "2024.02.17"]
[EventType "tourn"]
[EventRounds "9"]
[EventCountry "CZE"]
[EventCategory "1"]
[SourceTitle "CB09_2024"]
[SourceDate "2024.02.28"]
[SourceVersion "1"]
[SourceVersionDate "2024.02.28"]
[SourceQuality "1"]

1. e4 g6 2. d4 d6 3. Nc3 Bg7 4. Bg5 a6 5. a4 Nd7 6. Qd2 c5 7. d5 Qa5 8. Nd1 Qxd2+ 9. Kxd2 Ngf6 10. f3 0-0 11. Ne2 h6 12. Be3 Ne5 13. Nc1 e6 14. c4 exd5 15. cxd5 Ne8 16. Nc3 f5 17. h3 f4 18. Bf2 Bd7 19. a5 Nc7 20. Ra3 Rfb8 21. Rb3 Bf6 22. Kc2 Ne8 23. Be2 Bd8 24. Ra3 b5 25. axb6 Rxb6 26. Rb3 Rb4 27. N1a2 Rxb3 28. Kxb3 Rb8+ 29. Kc2 Nc7 30. Rb1 a5 31. Ra1 a4 32. Nc1 Ra8 33. Ra3 Bf6 34. b3 axb3+ 35. Rxb3 Na6 36. Bxa6 Rxa6 37. Rb7 Kf8 38. Be1 Ke8 39. Nb5 Bxb5 40. Rxb5 Nc4 41. Rb8+ Kf7 42. Rb7+ Kg8 43. Rb8+ 1/2-1/2

[Event "Olomouc IM-A 24th"]
[Site "Olomouc"]
[Date "2023.08.12"]
[Round "1"]
[White "Juhanak, Daniel"]
[Black "Michalek, Jan"]
[Result "0-1"]
[WhiteElo "1976"]
[BlackElo "2267"]
[PlyCount "176"]
[EventDate "2023.08.12"]
[EventType "tourn"]
[EventRounds "9"]
[EventCountry "CZE"]
[SourceTitle "CBM 215 Extra"]
[Source "ChessBase"]
[SourceDate "2023.09.30"]
[SourceVersion "1"]
[SourceVersionDate "2023.09.30"]
[SourceQuality "1"]

1. c4 e5 2. Nc3 Nc6 3. Nf3 Nf6 4. e3 Bb4 5. Qc2 0-0 6. Nd5 a5 7. h4 Re8 8. Ng5 h6 9. Nxf6+ Qxf6 10. Qh7+ Kf8 11. Ne4 Qg6 12. Qxg6 fxg6 13. a3 Be7 14. b3 d6 15. Bd3 Be6 16. Ng3 Bf7 17. Bb2 Bf6 18. 0-0-0 Rab8 19. Rdf1 Kg8 20. Be4 a4 21. Bd5 axb3 22. Ne4 Bxd5 23. cxd5 Ne7 24. Nc3 c6 25. e4 Rec8 26. Kb1 cxd5 27. Nxd5 Nxd5 28. exd5 Rc5 29. Bc3 Rxd5 30. Kb2 Rb5 31. Bb4 Rd5 32. Kxb3 Rd3+ 33. Kc2 e4 34. g3 Rc8+ 35. Kd1 Bc3 36. Ke2 Bxb4 37. axb4 Rc2 38. Rd1 Rb2 39. Rhf1 Rxb4 40. Rb1 Rdb3 41. Rbc1 Rb2 42. f3 h5 43. Rc8+ Kh7 44. Re8 Rd4 45. fxe4 Rbxd2+ 46. Ke3 R2d3+ 47. Kf4 d5 48. Ra1 Rxe4+ 49. Rxe4 dxe4 50. Rb1 Rf3+ 51. Kxe4 Rxg3 52. Rxb7 Rg4+ 53. Kf3 g5 54. hxg5 Rxg5 55. Rb4 Kh6 56. Ra4 Rg1 57. Rb4 Kg5 58. Rb2 h4 59. Rb5+ Kh6 60. Kf2 Rg3 61. Ra5 Rg5 62. Ra8 Kg6 63. Rh8 Rg4 64. Kf3 Kg5 65. Rg8 Rg3+ 66. Kf2 Kf4 67. Ra8 Kg4 68. Ra1 g5 69. Rb1 Rf3+ 70. Kg2 h3+ 71. Kh2 Rf2+ 72. Kh1 Kg3 73. Rg1+ Kf4 74. Ra1 g4 75. Ra4+ Kg3 76. Ra1 Re2 77. Rf1 Rd2 78. Rg1+ Kf3 79. Rf1+ Rf2 80. Ra1 g3 81. Ra3+ Kf4 82. Ra4+ Ke5 83. Ra5+ Kd4 84. Ra4+ Kc5 85. Ra5+ Kb4 86. Ra1 Kb3 87. Re1 Kb2 88. Kg1 Rc2 0-1

[Event "Pilsen Region-chT 2223"]
[Site "Czech Republic"]
[Date "2023.01.29"]
[Round "7.1"]
[White "Kriz, Daniel"]
[Black "Michalek, Jan"]
[Result "0-1"]
[WhiteElo "1946"]
[BlackElo "2251"]
[PlyCount "61"]
[EventDate "2022.10.09"]
[EventType "team-tourn"]
[EventRounds "11"]
[EventCountry "CZE"]
[SourceTitle "EXT 2024"]
[Source "ChessBase"]
[SourceDate "2023.10.10"]
[SourceVersion "1"]
[SourceVersionDate "2023.10.10"]
[SourceQuality "1"]
[WhiteTeam "HerNyr"]
[BlackTeam "Line IV"]
[WhiteTeamCountry "CZE"]
[BlackTeamCountry "CZE"]

1. e4 g6 2. d4 Bg7 3. Nc3 d6 4. Bg5 a6 5. h3 b5 6. a3 Nd7 7. Nf3 c5 8. d5 Ngf6 9. Bxf6 exf6 10. Be2 0-0 11. 0-0 Re8 12. Nd2 Qb6 13. Kh1 c4 14. a4 Rb8 15. Bg4 h5 16. Bxd7 Bxd7 17. axb5 axb5 18. Ne2 f5 19. c3 fxe4 20. Ng3 f5 21. Nxh5 gxh5 22. Qxh5 Rf8 23. g4 Qb7 24. Rg1 fxg4 25. Nxe4 Bf5 26. Rxg4 Bxg4 27. Qxg4 Qxd5 28. Rg1 Rb7 29. f3 Qf5 30. Qxf5 Rxf5 31. Nxd6 0-1

[Event "Pilsen Region-chT 2223"]
[Site "Czech Republic"]
[Date "2022.10.09"]
[Round "1.1"]
[White "Michalek, Jan"]
[Black "Spevacek, Ivo"]
[Result "1-0"]
[WhiteElo "2251"]
[BlackElo "1898"]
[PlyCount "97"]
[EventDate "2022.10.09"]
[EventType "team-tourn"]
[EventRounds "11"]
[EventCountry "CZE"]
[SourceTitle "EXT 2024"]
[Source "ChessBase"]
[SourceDate "2023.10.10"]
[SourceVersion "1"]
[SourceVersionDate "2023.10.10"]
[SourceQuality "1"]
[WhiteTeam "Line IV"]
[BlackTeam "Loko"]
[WhiteTeamCountry "CZE"]
[BlackTeamCountry "CZE"]

1. c4 Nf6 2. Nc3 e6 3. e4 d5 4. e5 Ne4 5. Nxe4 dxe4 6. Qg4 Qd4 7. Nf3 f5 8. exf6 Qxf6 9. Qxe4 Nc6 10. Bd3 Bd7 11. Qh4 Be7 12. Qxf6 Bxf6 13. Be4 0-0-0 14. d3 Nb4 15. Ke2 Bc6 16. Bxc6 Nxc6 17. Rb1 Nb4 18. Rd1 Nxa2 19. Bd2 c5 20. Ra1 Nb4 21. Bxb4 cxb4 22. d4 Kb8 23. Ra4 g5 24. g4 h5 25. h3 hxg4 26. hxg4 Rhe8 27. Rxb4 e5 28. dxe5 Rxd1 29. Kxd1 Bxe5 30. Nxg5 Bd4 31. f3 b6 32. Ne4 Kb7 33. Rb3 Rh8 34. Nc3 Kc6 35. Rb5 Rh2 36. Ne2 Bc5 37. Rb3 Rh1+ 38. Kd2 a5 39. Rd3 Rb1 40. Kc2 Re1 41. Nc3 Be3 42. Rd1 Rxd1 43. Nxd1 Bd4 44. Nc3 Kc5 45. b3 Kb4 46. Nd5+ Ka3 47. f4 a4 48. bxa4 Kxa4 49. Kd3 1-0

[Event "Nepomuk-A"]
[Site "Nepomuk"]
[Date "2022.09.01"]
[Round "1"]
[White "Michalek, Jan"]
[Black "Dolezal, Radoslav"]
[Result "1/2-1/2"]
[WhiteElo "2253"]
[BlackElo "2384"]
[PlyCount "23"]
[EventDate "2022.09.01"]
[EventType "tourn"]
[EventRounds "9"]
[EventCountry "CZE"]
[SourceTitle "CBM 210 Extra"]
[Source "ChessBase"]
[SourceDate "2022.11.30"]
[SourceVersion "1"]
[SourceVersionDate "2022.11.30"]
[SourceQuality "1"]

1. e4 e5 2. Nf3 Nc6 3. Bb5 a6 4. Ba4 Nf6 5. 0-0 Be7 6. Bxc6 dxc6 7. d3 Nd7 8. Nbd2 c5 9. Nc4 Bf6 10. b3 0-0 11. Bb2 Re8 12. a4 1/2-1/2

[Event "Marianske Lazne IM-B2 20th"]
[Site "Marianske Lazne"]
[Date "2022.01.21"]
[Round "8"]
[White "Michalek, Jan"]
[Black "Vojta, Jakub"]
[Result "0-1"]
[WhiteElo "2249"]
[BlackElo "2216"]
[PlyCount "98"]
[EventDate "2022.01.15"]
[EventType "tourn"]
[EventRounds "9"]
[EventCountry "CZE"]
[EventCategory "1"]
[SourceTitle "CBM 206 Extra"]
[Source "ChessBase"]
[SourceDate "2022.03.31"]
[SourceVersion "1"]
[SourceVersionDate "2022.03.31"]
[SourceQuality "1"]

1. e4 e6 2. Qe2 c5 3. Nf3 Nc6 4. g3 Be7 5. Bg2 d5 6. d3 Nf6 7. 0-0 0-0 8. e5 Nd7 9. c4 b5 10. cxb5 Na5 11. Nc3 a6 12. bxa6 Bxa6 13. Rd1 Nc6 14. h4 Rb8 15. Bf4 Rb4 16. b3 Bxh4 17. a3 Rxb3 18. Qc2 Rxc3 19. Qxc3 Be7 20. d4 Be2 21. Re1 Bxf3 22. Qxf3 Nxd4 23. Qd3 Qa5 24. a4 Nb8 25. Bd2 Qa6 26. Qxa6 Nxa6 27. Rab1 c4 28. Rb7 Nb3 29. Bf4 Bc5 30. Rb1 Nb4 31. Bf1 h6 32. Rb5 Rc8 33. a5 Rc6 34. Rb8+ Kh7 35. Rb7 Kg8 36. Rb8+ Bf8 37. Be3 g5 38. Ra8 Kg7 39. a6 Nxa6 40. Rxa6 Rxa6 41. Rxb3 Ra1 42. Rc3 Bb4 43. Rc1 Rxc1 44. Bxc1 Kg6 45. f4 Kf5 46. Kf2 g4 47. Be3 h5 48. Be2 Ke4 49. Bb6 c3 0-1

[Event "Marianske Lazne IM-B2 20th"]
[Site "Marianske Lazne"]
[Date "2022.01.18"]
[Round "4"]
[White "Michalek, Jan"]
[Black "Bomans, Arno"]
[Result "1/2-1/2"]
[WhiteElo "2249"]
[BlackElo "2246"]
[PlyCount "117"]
[EventDate "2022.01.15"]
[EventType "tourn"]
[EventRounds "9"]
[EventCountry "CZE"]
[EventCategory "1"]
[SourceTitle "CBM 206 Extra"]
[Source "ChessBase"]
[SourceDate "2022.03.31"]
[SourceVersion "1"]
[SourceVersionDate "2022.03.31"]
[SourceQuality "1"]

1. e4 c5 2. Nf3 Nc6 3. Bb5 Nf6 4. Nc3 g6 5. 0-0 Bg7 6. Bxc6 dxc6 7. d3 Nd7 8. Be3 e5 9. a4 Qe7 10. a5 Nf8 11. Na4 Ne6 12. Nd2 Rb8 13. b4 b6 14. Nb3 cxb4 15. axb6 axb6 16. Nxb6 0-0 17. Qd2 Nf4 18. Nxc8 Rfxc8 19. Ra5 Ne6 20. Rfa1 c5 21. Ra7 Rb7 22. Ra8 Rbc7 23. Rxc8+ Rxc8 24. Na5 Ra8 25. Qd1 Ra6 26. Nb3 Ra7 27. f3 Bf6 28. Kf1 Bg5 29. Bf2 Qc7 30. Rxa7 Qxa7 31. Qa1 Qxa1+ 32. Nxa1 Be7 33. Nb3 Kf8 34. Na5 Ke8 35. Nc4 f6 36. g3 Kd7 37. Be3 Bd8 38. Ke2 Bc7 39. Kd2 Kc6 40. Kc1 f5 41. Kd2 h5 42. Bf2 Bb8 43. Ke2 Kb5 44. Be3 Bc7 45. Kd2 Bb8 46. Kc1 f4 47. Bf2 Ng5 48. Nd2 Nh3 49. Be1 Ka4 50. g4 hxg4 51. fxg4 c4 52. Nf3 cxd3 53. cxd3 Kb3 54. d4 exd4 55. Nxd4+ Kc4 56. Nc6 f3 57. Nxb8 f2 58. Bxf2 Nxf2 59. Nd7 1/2-1/2

[Event "Marianske Lazne IM-B2 20th"]
[Site "Marianske Lazne"]
[Date "2022.01.15"]
[Round "1"]
[White "Michalek, Jan"]
[Black "Richter, Nils"]
[Result "1/2-1/2"]
[WhiteElo "2249"]
[BlackElo "2270"]
[PlyCount "72"]
[EventDate "2022.01.15"]
[EventType "tourn"]
[EventRounds "9"]
[EventCountry "CZE"]
[EventCategory "1"]
[SourceTitle "CBM 206 Extra"]
[Source "ChessBase"]
[SourceDate "2022.03.31"]
[SourceVersion "1"]
[SourceVersionDate "2022.03.31"]
[SourceQuality "1"]

1. e4 c5 2. Nf3 e6 3. c3 Nf6 4. e5 Nd5 5. g3 d6 6. Bg2 Nc6 7. exd6 Bxd6 8. 0-0 0-0 9. Re1 Bd7 10. Na3 a6 11. Nc4 Bc7 12. a4 b5 13. Nce5 Nxe5 14. Nxe5 Bxe5 15. Rxe5 Bc6 16. d4 c4 17. Qf1 Qd7 18. Bd2 Nb6 19. axb5 axb5 20. Ree1 Qb7 21. Bf4 Rfd8 22. Rxa8 Rxa8 23. Bxc6 Qxc6 24. Ra1 h6 25. h4 Nd5 26. Rxa8+ Qxa8 27. Bd6 Nf6 28. Qe2 Qd5 29. Ba3 Ne4 30. Be7 Qb7 31. Ba3 Qa8 32. Qf3 Qd5 33. Qf4 Nf6 34. f3 Nd7 35. Qc7 e5 36. Bd6 Qxf3 1/2-1/2

[Event "CZE-chT 2122"]
[Site "Czech Republic"]
[Date "2021.12.19"]
[Round "6.3"]
[White "Jurcik, Martin"]
[Black "Michalek, Jan"]
[Result "1/2-1/2"]
[WhiteElo "2401"]
[BlackElo "2254"]
[PlyCount "51"]
[EventDate "2021.10.15"]
[EventType "team-tourn"]
[EventRounds "15"]
[EventCountry "CZE"]
[SourceTitle "EXT 2023"]
[Source "ChessBase"]
[SourceDate "2022.10.05"]
[SourceVersion "1"]
[SourceVersionDate "2022.10.05"]
[SourceQuality "1"]
[WhiteTeam "Unichess"]
[BlackTeam "Ingem Line"]
[WhiteTeamCountry "CZE"]
[BlackTeamCountry "CZE"]

1. e4 c5 2. Nf3 Nc6 3. d4 cxd4 4. Nxd4 Nf6 5. Nc3 e5 6. Ndb5 d6 7. a4 a6 8. Na3 Bg4 9. Be2 Bxe2 10. Qxe2 d5 11. exd5 Nxd5 12. Nxd5 Qxd5 13. 0-0 Be7 14. Be3 0-0 15. Rfd1 Qe6 16. Qc4 Qf5 17. Qb3 Bxa3 18. Rxa3 Rad8 19. Raa1 Nd4 20. Bxd4 Rxd4 21. c3 Rxd1+ 22. Rxd1 Qe4 23. g3 h5 24. h4 Qe2 25. Rd7 b5 26. axb5 1/2-1/2

[Event "EUR-ch Seniors 50"]
[Site "Prague"]
[Date "2021.09.03"]
[Round "5.4"]
[White "Michalek, Jan"]
[Black "Taborska, Veronika"]
[Result "1-0"]
[WhiteElo "2276"]
[BlackElo "2002"]
[PlyCount "65"]
[EventDate "2021.08.30"]
[EventType "team-tourn"]
[EventRounds "9"]
[EventCountry "CZE"]
[SourceTitle "CBM 204 Extra"]
[Source "ChessBase"]
[SourceDate "2021.11.30"]
[SourceVersion "1"]
[SourceVersionDate "2021.11.30"]
[SourceQuality "1"]
[WhiteTeam "1960 69 50"]
[BlackTeam "Czech Republic (Women) 50"]
[WhiteTeamCountry "CZE"]
[BlackTeamCountry "CZE"]

1. e4 d6 2. Nc3 Nf6 3. d4 g6 4. Bg5 Bg7 5. Nf3 c6 6. Qd2 b5 7. Bd3 0-0 8. h3 b4 9. Ne2 a5 10. Bh6 c5 11. Bxg7 Kxg7 12. e5 Ne8 13. Be4 d5 14. dxc5 e6 15. Bd3 Qc7 16. h4 h5 17. Qg5 Ba6 18. Nf4 Bxd3 19. cxd3 Rh8 20. d4 Nc6 21. g4 hxg4 22. Qxg4 Kf8 23. h5 Ng7 24. Rd1 Nf5 25. Rg1 gxh5 26. Nxh5 Ncxd4 27. Rxd4 Nxd4 28. Qg7+ Ke7 29. Qf6+ Kd7 30. Nxd4 Raf8 31. Nxe6 fxe6 32. Rg7+ Kc8 33. Qxe6+ 1-0

[Event "CZE-chT2B 1920"]
[Site "Czech Republic"]
[Date "2020.02.23"]
[Round "9.3"]
[White "Parizek, Vojtech"]
[Black "Michalek, Jan"]
[Result "0-1"]
[WhiteElo "2195"]
[BlackElo "2252"]
[PlyCount "66"]
[EventDate "2019.10.13"]
[EventType "team-tourn"]
[EventRounds "11"]
[EventCountry "CZE"]
[SourceTitle "EXT 2024"]
[Source "ChessBase"]
[SourceDate "2023.10.10"]
[SourceVersion "1"]
[SourceVersionDate "2023.10.10"]
[SourceQuality "1"]
[WhiteTeam "Kobylisy"]
[BlackTeam "Podborany"]
[WhiteTeamCountry "CZE"]
[BlackTeamCountry "CZE"]

1. e4 c5 2. Nf3 Nc6 3. d4 cxd4 4. Nxd4 g6 5. Nc3 Bg7 6. Nde2 Nf6 7. g3 b5 8. Bg2 Rb8 9. 0-0 0-0 10. h3 d6 11. Be3 b4 12. Nd5 Nd7 13. Rb1 Ba6 14. Qd2 Nc5 15. Rfd1 Bxe2 16. Qxe2 Qa5 17. Qc4 Rfc8 18. Bd4 Bxd4 19. Rxd4 e6 20. Nf6+ Kg7 21. Rxd6 Ne5 22. Qd4 Kxf6 23. f4 Nb7 24. fxe5+ Kg7 25. Rd7 Rd8 26. Rf1 Rxd7 27. Qxd7 Nd8 28. Qd6 Rc8 29. Rf2 Qc5 30. Bf1 Nb7 31. Qd2 Rd8 32. Qf4 Rd7 33. h4 h5 0-1

[Event "CZE-chT1W 1920"]
[Site "Czech Republic"]
[Date "2020.02.02"]
[Round "7.4"]
[White "Michalek, Jan"]
[Black "Kulhanek, Tomas"]
[Result "1-0"]
[WhiteElo "2252"]
[BlackElo "2343"]
[PlyCount "49"]
[EventDate "2019.10.20"]
[EventType "team-tourn"]
[EventRounds "11"]
[EventCountry "CZE"]
[SourceTitle "CBM 194 Extra"]
[Source "ChessBase"]
[SourceDate "2020.03.31"]
[SourceVersion "1"]
[SourceVersionDate "2020.03.31"]
[SourceQuality "1"]
[WhiteTeam "Line"]
[BlackTeam "Praha DP EA Hotels"]
[WhiteTeamCountry "CZE"]
[BlackTeamCountry "CZE"]

1. e4 d6 2. d4 Nf6 3. Nc3 g6 4. h3 c6 5. Bg5 h6 6. Be3 Nbd7 7. Nf3 Qc7 8. Qd2 b5 9. Bd3 Bb7 10. e5 dxe5 11. dxe5 Nxe5 12. Nxe5 Qxe5 13. 0-0-0 Bg7 14. Bf4 Qc5 15. Rhe1 0-0 16. Bxh6 Rfe8 17. Ne4 Qe5 18. Ng3 Qd5 19. Bxg7 Kxg7 20. Nf5+ gxf5 21. Qg5+ Kh8 22. Bxf5 Qxa2 23. Qh6+ Kg8 24. Rd3 Qa1+ 25. Kd2 1-0

[Event "Marianske Lazne IM-B1 19th"]
[Site "Marianske Lazne"]
[Date "2020.01.21"]
[Round "4"]
[White "Abhilash, Reddy ML"]
[Black "Michalek, Jan"]
[Result "1/2-1/2"]
[WhiteElo "2258"]
[BlackElo "2251"]
[PlyCount "59"]
[EventDate "2020.01.18"]
[EventType "tourn"]
[EventRounds "9"]
[EventCountry "CZE"]
[SourceTitle "CBM 194 Extra"]
[Source "ChessBase"]
[SourceDate "2020.03.31"]
[SourceVersion "1"]
[SourceVersionDate "2020.03.31"]
[SourceQuality "1"]

1. d4 Nf6 2. Nf3 d6 3. c4 g6 4. Nc3 Bg7 5. g3 0-0 6. Bg2 Nbd7 7. 0-0 e5 8. dxe5 dxe5 9. Be3 Re8 10. h3 c6 11. Qb3 Qa5 12. a3 Nc5 13. Qb4 Qxb4 14. axb4 Nce4 15. Nxe4 Nxe4 16. Rxa7 Rxa7 17. Bxa7 Be6 18. Rc1 Ra8 19. Be3 Ra2 20. Ne1 f5 21. Nd3 Nd6 22. Nc5 Bc8 23. b5 cxb5 24. Bd5+ Kf8 25. cxb5 Rxb2 26. Nxb7 Bxb7 27. Bxb7 Nxb5 28. Rc8+ Ke7 29. Ba6 Kd7 30. Rb8 1/2-1/2

[Event "Marianske Lazne IM-B1 19th"]
[Site "Marianske Lazne"]
[Date "2020.01.18"]
[Round "1"]
[White "Grabarczyk, Miroslaw"]
[Black "Michalek, Jan"]
[Result "1/2-1/2"]
[WhiteElo "2366"]
[BlackElo "2251"]
[PlyCount "29"]
[EventDate "2020.01.18"]
[EventType "tourn"]
[EventRounds "9"]
[EventCountry "CZE"]
[SourceTitle "CBM 194 Extra"]
[Source "ChessBase"]
[SourceDate "2020.03.31"]
[SourceVersion "1"]
[SourceVersionDate "2020.03.31"]
[SourceQuality "1"]

1. d4 Nf6 2. c4 g6 3. Nf3 Bg7 4. g3 c5 5. d5 b5 6. Bg2 d6 7. 0-0 0-0 8. cxb5 a6 9. bxa6 Nbd7 10. Nc3 Nb6 11. Ne1 Nfd7 12. Nc2 Nc4 13. Ne3 Nde5 14. Qc2 Qa5 15. a3 1/2-1/2

[Event "CZE-chT1W 1920"]
[Site "Czech Republic"]
[Date "2020.01.05"]
[Round "5.3"]
[White "Jedlicka, Ales"]
[Black "Michalek, Jan"]
[Result "1/2-1/2"]
[WhiteElo "2206"]
[BlackElo "2252"]
[PlyCount "26"]
[EventDate "2019.10.20"]
[EventType "team-tourn"]
[EventRounds "11"]
[EventCountry "CZE"]
[SourceTitle "CBM 194 Extra"]
[Source "ChessBase"]
[SourceDate "2020.03.31"]
[SourceVersion "1"]
[SourceVersionDate "2020.03.31"]
[SourceQuality "1"]
[WhiteTeam "Polabiny II"]
[BlackTeam "Line"]
[WhiteTeamCountry "CZE"]
[BlackTeamCountry "CZE"]

1. d4 Nf6 2. c4 g6 3. Nc3 Bg7 4. e4 d6 5. Nf3 0-0 6. Be2 e5 7. Be3 h6 8. 0-0 Nbd7 9. dxe5 Nxe5 10. Nxe5 dxe5 11. Qc2 Be6 12. Rad1 Nd7 13. Rd2 c6 1/2-1/2